Deutschsprachige JetPunker_innen in den Top 200 - Statistiken

Allgemein
  • Dieses Quiz wurde 110 mal gespielt
    9 seit der letzten Aktualisierung
  • Das Durchschnittsergebnis liegt bei 6 aus 11
Antwortstatistiken
Rang Land JetPunker_in % Korrekt
7 Schweiz Gassu
75%
74 Österreich lele20
75%
155 Deutschland Marli5
75%
57 Österreich Nathaniel
75%
41 Schweiz alberici
50%
183 Deutschland camus
50%
177 Deutschland DabisPlays
50%
64 Deutschland Fifi567
50%
156 Österreich RPHXX
50%
69 Deutschland ThatOnePunk
50%
134 Österreich Nightracer
25%
Keine übereinstimmenden Quizze gefunden
Verteilung der Resultate
Anzahl Personen mit jedem Resultat
Perzentil nach korrekt beantworteten Fragen
Ihre Resultats-Entwicklung
Sie haben dieses Quiz seit der letzten Aktualisierung nicht gespielt